Encyclopedia of animal science

保存先:
書誌詳細
フォーマット: 図書
言語:Undetermined
出版事項: New York, N.Y. Marcel Dekker 2005
主題:
タグ: タグ追加
タグなし, このレコードへの初めてのタグを付けませんか!
Thư viện lưu trữ: Trung tâm Học liệu Trường Đại học Cần Thơ
LEADER 00486nam a2200181Ia 4500
001 CTU_104424
008 210402s9999 xx 000 0 und d
020 |c 437.88 
082 |a 590.3 
082 |b E56 
245 0 |a Encyclopedia of animal science 
245 0 |c Edited by Wilson G. Pond, Alan W. Bell 
260 |a New York, N.Y. 
260 |b Marcel Dekker 
260 |c 2005 
650 |a Animal science 
904 |i Minh 
980 |a Trung tâm Học liệu Trường Đại học Cần Thơ